| 000 | 00000nam##2200000za#4500 |
| 001 | 9.603996 |
| 003 | CaOODSP |
| 005 | 20210624211342 |
| 007 | cr ||||||||||| |
| 008 | 150406|1992||||xxc|||||o f|0| 0 fre|d |
| 022 | |a1488-545X |
| 040 | |aCaOODSP|bfre |
| 043 | |an-cn--- |
| 086 | 1 |aFs97-6/1847F-PDF |
| 110 | 1 |aCanada. |bMinistère des pêches et des océans. |
| 245 | 14|aUne analyse rétrospective du développement et expansion de la pêcherie du crabe des neiges, Chionoecetes opilio, dans le sud-ouest du Golfe du Saint-Laurent / |h[ressource électronique]|cpar Y.J. Chiasson ... [et al.]. |
| 260 | |aMoncton - Nouveau-Brunswick : |bPêches et Océans Canada |cFévrier 1992. |
| 300 | |a30p.|bgraphiques, cartes, références |
| 490 | 1 |aRapport technique canadien des sciences halieutiques et aquatiques|x1488-545X|vN° 1847 |
| 500 | |aLe n° de catalogue (Fs97-6/1847F) et l'ISSN (0706-6457) de l'édition imprimée ont été incorrectement copiés dans l'édition électronique. |
| 546 | |a(Abstract in English) |
| 590 | |a12-23-Supp|b2012-05-28 |
| 720 | 1 |aChiasson, Y. J. |
| 775 | 08|tA retrospective look at the development and expansion of the Southwestern Gulf of St. Lawrence snow crab, Chionoecetes opilio, fishery / |w(CaOODSP)9.573818 |
| 776 | 0#|tUne analyse rétrospective du développement et expansion de la pêcherie du crabe des neiges, Chionoetes opilio, dans le sud-ouest du Golfe du Saint-Laurent / |w(CaOODSP)9.621621 |
| 830 | #0|aRapport technique canadien des sciences halieutiques et aquatiques,|x1488-545X|vN° 1847|w(CaOODSP)9.500867 |
| 856 | 40|ahttp://publications.gc.ca|qPDF|s665 Ko|uhttps://publications.gc.ca/collections/collection_2012/mpo-dfo/Fs97-6-1847-fra.pdf|yN° 1847 |